Facultad de Derecho – Universidad Nacional de Mar del Plata

Una Mirada sobre la Criis d la Deuda Pùblica en la Repùblica Argentina (Record no. 4137)

MARC details
000 -CABECERA
campo de control de longitud fija 00497nam a22001817a 4500
020 ## - NUMERO INTERNACIONAL NORMALIZADO PARA LIBROS (ISBN)
International Standard Book Number 9789871990283
080 ## - NUMERO DE CLASIFICACION DECIMAL UNIVERSAL (CDU)
Número de la Clasificación Decimal Universal 341 (82) G 16
100 ## - ASIENTO PRINCIPAL--NOMBRE PERSONAL
Nombre personal Garaguso, Horacio Pablo
245 ## - MENCION DE TITULO
Título propiamente dicho Una Mirada sobre la Criis d la Deuda Pùblica en la Repùblica Argentina
260 ## - PUBLICACION, DISTRIBUCION, ETC. (PIE DE IMPRENTA)
Lugar de publicación, distribución, etc. Mar del Plata
Nombre del editor, distribuidor, etc. Suàrez
Fecha de publicación, distribución, etc. 2014
300 ## - DESCRIPCION FISICA
Extensión 104 P.
Dimensiones 21 X 15 Cm.
650 ## - ASIENTO SECUNDARIO DE MATERIA - TERMINO TEMATICO
Subdivisión general deuda externa
650 ## - ASIENTO SECUNDARIO DE MATERIA - TERMINO TEMATICO
Subdivisión general doctrina Calvo
650 ## - ASIENTO SECUNDARIO DE MATERIA - TERMINO TEMATICO
Subdivisión general doctrina Drago
650 ## - ASIENTO SECUNDARIO DE MATERIA - TERMINO TEMATICO
Subdivisión general jurisprudencia
945 ## - INFORMACION DE PROCESAMIENTO LOCAL
Responsable de carga/modificación Celeste Delía
AAAA-MM-DD - Fecha de ingreso/modificación 2015-08-26
942 ## - ELEMENTOS AGREGADOS (KOHA)
Clasificación normalizada de Koha para alfabetizar _
Holdings
Retirado Perdido Dañado No se presta Ubicación permanente Locación actual Estante o sala Fecha de adquisición Total préstamos Signatura topográfica Inventario Ultima fecha vista Fecha del precio Tipo de item de Koha Fuente de clasificación
        Bib. Derecho Bib. Derecho Biblioteca Graduados 26/08/2015   341 (82) G 16 301521 26/08/2015 26/08/2015 LIBRO (Consulta)  
        Bib. Derecho Bib. Derecho Biblioteca Graduados 17/11/2015   341 (82) G 16 301527 17/11/2015 17/11/2015 LIBRO  

XHTML | CSS | ©Biblioteca Central - Dto. Tecnología de la Información - [ Con tecnología Koha ]